Devinez la vedette à partir d'une image faite par un IA - Statistiques

Statistiques générales
  • Ce quiz a été pris 311 fois
  • Le résultat moyen est 13 sur 16
Statistiques - réponses
Par images Réponse % Correct
Donald Trump
100%
Emmanuel Macron
98%
Cristiano Ronaldo
97%
Céline Dion
96%
Michael Jackson
96%
Bob Marley
94%
Johnny Depp
92%
Will Smith
89%
Eminem
86%
Adele
85%
Louis de Funès
75%
Lebron James
73%
Lionel Messi
71%
Louis Armstrong
64%
Dwayne Johnson
37%
Justin Trudeau
36%
Aucun quiz correspondant
Distribution des résultats
% des personnes avec chaque résultat
Percentile par nombre de réponses
Votre historique - résultats
Vous n’avez pas pris ce quiz